000 00498nam a2200181Ia 4500
003 GCL
008 140319s9999 xx 000 0 eng d
040 _aGCL /
_cGCL
082 0 4 _a929.4242
_bR D
100 1 _aREANEY, P.H
245 1 0 _aA DICTIONARY OF ENGLISH SURNAMES /
_cREANEY, P.H
700 1 _aWILSON, R.M
260 _a[S.N] :
_bOXFORD UNIVERSITY PRESS ،
_c1995
300 _a508 P
650 0 4 _aNAMES, PERSONAL - ENGLAND
650 0 4 _aNAMES, PERSONAL - (CATALOGING)
942 _2ddc
_cBK
999 _c13679
_d13679